| 000 | 00406nam a2200169 a 4500 | ||
|---|---|---|---|
| 001 | 0000-8834 | ||
| 003 | ELIB.Books | ||
| 008 | 110520 1953 | ||
| 035 | _a(ELIB.Books)0000-8980 | ||
| 082 |
_aFic _bAmo |
||
| 100 | _aAmold, Francena | ||
| 245 | _aThree Shall Be One | ||
| 260 |
_bChicago: Moody Press _c1953 |
||
| 650 | _aFiction | ||
| 942 |
_2ddc _cBK |
||
| 998 |
_cbat _e2011-05-20 |
||
| 999 |
_c8834 _d8834 |
||